<?xml version="1.0" encoding="UTF-8"?>
<record
    xmlns:xsi="http://www.w3.org/2001/XMLSchema-instance"
    xsi:schemaLocation="http://www.loc.gov/MARC21/slim http://www.loc.gov/standards/marcxml/schema/MARC21slim.xsd"
    xmlns="http://www.loc.gov/MARC21/slim">

  <leader>00909nam a2200229 a 4500</leader>
  <controlfield tag="001">40328</controlfield>
  <controlfield tag="003">BD-RjUL</controlfield>
  <controlfield tag="005">20211209053207.0</controlfield>
  <controlfield tag="008">160428s2007    ii a|||| |||| 00| 0 ben d</controlfield>
  <datafield tag="020" ind1=" " ind2=" ">
    <subfield code="a">8187624388 </subfield>
    <subfield code="c">: IRs 300.00 </subfield>
  </datafield>
  <datafield tag="035" ind1=" " ind2=" ">
    <subfield code="a">(BD-RjUL)40443</subfield>
  </datafield>
  <datafield tag="040" ind1=" " ind2=" ">
    <subfield code="a">BD-RjUL</subfield>
    <subfield code="b">ben </subfield>
    <subfield code="c">BD-RjUL</subfield>
  </datafield>
  <datafield tag="041" ind1=" " ind2=" ">
    <subfield code="a">ben</subfield>
  </datafield>
  <datafield tag="082" ind1=" " ind2=" ">
    <subfield code="2">23</subfield>
    <subfield code="a">809.293581</subfield>
    <subfield code="b">JUD 2007 </subfield>
  </datafield>
  <datafield tag="245" ind1="0" ind2="0">
    <subfield code="a">&#x9AF;&#x9C1;&#x9A6;&#x9CD;&#x9A7; &#x993; &#x9A5;&#x9BF;&#x9AF;&#x9BC;&#x9C7;&#x99F;&#x9BE;&#x9B0; /</subfield>
    <subfield code="c">&#x9B0;&#x9A5;&#x9C0;&#x9A8; &#x99A;&#x995;&#x9CD;&#x9B0;&#x9AC;&#x9B0;&#x9CD;&#x9A4;&#x9C0; &#x9B8;&#x9AE;&#x9CD;&#x9AA;&#x9BE;&#x9A6;&#x9A8;&#x9BE; </subfield>
  </datafield>
  <datafield tag="260" ind1=" " ind2=" ">
    <subfield code="a">&#x995;&#x9B2;&#x9BF;&#x995;&#x9BE;&#x9A4;&#x9BE; :</subfield>
    <subfield code="b">&#x9A8;&#x9BE;&#x99F;&#x9CD;&#x9AF;&#x99A;&#x9BF;&#x9A8;&#x9CD;&#x9A4;&#x9BE; &#x9AB;&#x9BE;&#x989;&#x9A3;&#x9CD;&#x9A1;&#x9C7;&#x9B6;&#x9A8;, </subfield>
    <subfield code="c">&#x9E8;&#x9E6;&#x9E6;&#x9ED; </subfield>
  </datafield>
  <datafield tag="300" ind1=" " ind2=" ">
    <subfield code="a">&#x9E9;&#x9EC;&#x9E8; &#x9AA;&#x9C3;. :</subfield>
    <subfield code="b">&#x99A;&#x9BF;&#x9A4;&#x9CD;&#x9B0; ;</subfield>
    <subfield code="c">&#x9E8;&#x9E9; &#x9B8;&#x9C7;&#x9AE;&#x9BF;. </subfield>
  </datafield>
  <datafield tag="650" ind1=" " ind2=" ">
    <subfield code="a"> War and Theater. </subfield>
    <subfield code="9">124246</subfield>
  </datafield>
  <datafield tag="650" ind1=" " ind2=" ">
    <subfield code="a">&#x9AF;&#x9C1;&#x9A6;&#x9CD;&#x9A7; &#x993; &#x9A5;&#x9BF;&#x9AF;&#x9BC;&#x9C7;&#x99F;&#x9BE;&#x9B0; </subfield>
    <subfield code="9">124247</subfield>
  </datafield>
  <datafield tag="700" ind1=" " ind2=" ">
    <subfield code="a">&#x99A;&#x995;&#x9CD;&#x9B0;&#x9AC;&#x9B0;&#x9CD;&#x9A4;&#x9C0;, &#x9B0;&#x9A5;&#x9C0;&#x9A8;, &#x9B8;&#x9AE;&#x9CD;&#x9AA;&#x9BE;&#x9A6;&#x9A8;&#x9BE; </subfield>
    <subfield code="9">124248</subfield>
  </datafield>
  <datafield tag="942" ind1=" " ind2=" ">
    <subfield code="2">ddc</subfield>
    <subfield code="c">BK</subfield>
  </datafield>
  <datafield tag="999" ind1=" " ind2=" ">
    <subfield code="c">40328</subfield>
    <subfield code="d">40328</subfield>
  </datafield>
  <datafield tag="952" ind1=" " ind2=" ">
    <subfield code="0">0</subfield>
    <subfield code="1">0</subfield>
    <subfield code="2">ddc</subfield>
    <subfield code="4">0</subfield>
    <subfield code="7">1</subfield>
    <subfield code="8">NFIC</subfield>
    <subfield code="a">RUCL</subfield>
    <subfield code="b">RUCL</subfield>
    <subfield code="c">Reading</subfield>
    <subfield code="d">2013-07-09</subfield>
    <subfield code="e">Dhaka : Space Marking </subfield>
    <subfield code="g">700.00</subfield>
    <subfield code="l">0</subfield>
    <subfield code="o">B 809.293581 JUD 2007</subfield>
    <subfield code="r">2016-04-28 00:00:00</subfield>
    <subfield code="t">C-1</subfield>
    <subfield code="w">2016-04-28</subfield>
    <subfield code="y">BK</subfield>
  </datafield>
</record>
